Dos años de vacaciones
محفوظ في:
| المؤلف الرئيسي: | |
|---|---|
| التنسيق: | كتاب |
| اللغة: | الإسبانية |
| منشور في: |
Santiago
Zig-Zag
1990
|
| سلاسل: | Grandes Clásicos Escolares Zig-Zag
|
| الموضوعات: | |
| الوسوم: |
إضافة وسم
لا توجد وسوم, كن أول من يضع وسما على هذه التسجيلة!
|
MARC
| LEADER | 00000nam a2200000 a 4500 | ||
|---|---|---|---|
| 001 | UCH7218 | ||
| 003 | CL-VaPUC | ||
| 008 | 091109e19900000CL |||||||||||||||||spa|d | ||
| 020 | |a 9561205741 | ||
| 082 | 0 | 4 | |a 843 |b VER |2 21 |
| 100 | 0 | |a Verne, Julio |e author |9 543618 | |
| 245 | 1 | 0 | |a Dos años de vacaciones |
| 300 | |a 125 p | ||
| 942 | |c BK | ||
| 945 | |d 20091109 00:00:00 |a lazolas | ||
| 260 | |a Santiago |b Zig-Zag |c 1990 | ||
| 650 | 0 | |a Novela francesa |9 264985 | |
| 583 | |a last modification |c 20091109 00:00:00 |k Rodrigo Vera | ||
| 490 | 0 | |a Grandes Clásicos Escolares Zig-Zag | |
| 999 | |c 337886 |d 337884 | ||